01128nam a2200241 a 450000100100000000500170001000800410002702000150006804000250008310000750010824502140018326000270039730000280042449000330045250400730048550400320055870000320059070000410062271000610066383000400072495201050076499900170086900004120520240305091016.0130925s2005 sp 000 0 spa d a8400083237 aDO-SdBNPbspacBNPHU1 a Martínez Rodríguez, Ma. del Carmen,q (María del Carmen)96777914aLos clones de Albariño (Vitis vinifera L.) seleccionados en el Consejo Superior de Investigaciones Científicas /cMaría del Carmen Martínez Rodríguez, Susana Boso Alonso, José Luis Santiago Blanco. aMadrid :bCSIC,c2005. a143 p. :bil. ;c24 cm.1 aBiblioteca de ciencias ;v19 aIncluye referencias bibliográficas y notas al pie de las páginas aBibliografía : p. 123-1261 aBoso Alonso, Susana,9677801 aSantiago Blanco, José Luis,9677812 aConsejo Superior de Investigaciones Científicas,9478610aBiblioteca de ciencias ;v19938842 001050718MOaGRbGRcCTd2013-09-25iLF1l0o p41205-10r2020-06-25w2020-06-25y1ZNo se presta c40695d40695